[Event "Challenge"]
[Site "http://www.queenalice.com/game.php?id=707145"]
[Date "2010.1.2"]
[Round "-"]
[White "Atto"]
[Black "vininetto"]
[Result "0-1"]
[WhiteElo "1100"]
[BlackElo "1846"]

1. e4 e5 2. Nf3 Nc6 3. Bb5 a6 4. Bxc6 dxc6 5. d4 exd4 6. O-O Bg4 7. Bf4 Bd6 8.
e5 Bc5 9. Qd3 Ne7 10. Qc4 Bb6 11. Ng5 O-O 12. h3 Bh5 13. Nd2 Nd5 14. Nde4 Nxf4
15. Rae1 h6 16. Nf3 Bxf3 17. g4 Nxh3+ 18. Kh2 Qh4 19. Ng3 Nf4+ 20. Kg1 Qh3 0-1

[Event "Challenge"]
[Site "http://www.queenalice.com/game.php?id=707164"]
[Date "2010.1.2"]
[Round "-"]
[White "z3r0vulc4n"]
[Black "Atto"]
[Result "1-0"]
[WhiteElo "1519"]
[BlackElo "1100"]

1. e4 e5 2. Nf3 d6 3. Nc3 Nf6 4. d3 Bg4 5. Be2 d5 6. exd5 Nbd7 7. Bg5 Qe7 8.
Bxf6 gxf6 9. O-O Qb4 10. a3 Qxb2 11. Na4 Qb5 12. c4 Qa5 13. h3 1-0

[Event "Challenge"]
[Site "http://www.queenalice.com/game.php?id=707165"]
[Date "2010.1.2"]
[Round "-"]
[White "Atto"]
[Black "gustavobelczak"]
[Result "0-1"]
[WhiteElo "1100"]
[BlackElo "1389"]

1. e4 e5 2. Nf3 Nc6 3. Bb5 Nd4 4. Nxd4 exd4 5. d3 c6 6. Bc4 b5 7. Bb3 Bb4+ 8. c3
dxc3 9. bxc3 Ba5 10. Qf3 Qe7 11. O-O b4 12. cxb4 Bxb4 13. Be3 c5 14. Nd2 Ba6 15.
Bc4 Bxc4 16. dxc4 h6 17. Nb3 Rc8 18. Rad1 Nf6 19. Nd2 O-O 20. Qf4 Rc6 21. e5 Bc3
22. Ne4 Bxe5 23. Qf3 d6 24. Ng3 Ra6 0-1

[Event "Challenge"]
[Site "http://www.queenalice.com/game.php?id=707219"]
[Date "2010.1.2"]
[Round "-"]
[White "vininetto"]
[Black "Atto"]
[Result "1-0"]
[WhiteElo "1697"]
[BlackElo "1100"]

1. e4 e5 2. Nf3 Bc5 3. d4 exd4 4. Nxd4 Qe7 5. Nc3 Nf6 6. Nf5 Qe5 7. Nxg7+ Kf8 8.
Bh6 Kg8 9. Nf5 d5 10. f4 Qe6 11. Qf3 Nxe4 12. Nxe4 Qxf5 13. Qg3+ Qg6 14. Nf6#
1-0

[Event "Challenge"]
[Site "http://www.queenalice.com/game.php?id=708003"]
[Date "2010.1.3"]
[Round "-"]
[White "Atto"]
[Black "akiba_fall"]
[Result "0-1"]
[WhiteElo "1086"]
[BlackElo "1302"]

1. e4 e5 2. Nf3 d6 3. d4 exd4 4. Nxd4 c5 5. Nf3 f5 6. Bd3 Nf6 7. exf5 d5 8. Bb5+
Nc6 9. g4 Nxg4 10. Bxc6+ bxc6 11. Ne5 Nxe5 12. Bf4 Qf6 13. Qe2 Bd6 14. Nd2 Qxf5
15. Bxe5 Bxe5 16. O-O-O O-O 0-1

[Event "Challenge"]
[Site "http://www.queenalice.com/game.php?id=716525"]
[Date "2010.1.19"]
[Round "-"]
[White "vininetto"]
[Black "Atto"]
[Result "1-0"]
[WhiteElo "1891"]
[BlackElo "1100"]

1. e4 e5 2. Nf3 Nc6 3. Bc4 Qe7 4. O-O Nf6 5. d3 Qc5 6. Ng5 d5 7. exd5 Nxd5 8.
Qf3 Nf4 9. Bxf4 exf4 10. Bxf7+ Kd8 11. Qe4 Be7 12. Be6 1-0

[Event "GLT-602"]
[Site "http://www.queenalice.com/game.php?id=850587"]
[Date "2010.10.25"]
[Round "-"]
[White "gustavobelczak"]
[Black "Atto"]
[Result "1-0"]
[WhiteElo "1428"]
[BlackElo "1124"]

1. e4 e5 2. Nf3 Nc6 3. Bc4 d6 4. d3 Be6 5. Bb5 Ne7 6. Bg5 f6 7. Bd2 d5 8. Nc3 d4
9. Ne2 Bg4 10. Ng3 Qd6 11. c3 O-O-O 12. Qa4 Bd7 13. cxd4 Nxd4 14. Nxd4 exd4 15.
Bxd7+ Rxd7 16. Qxa7 Kd8 17. Qa8+ Nc8 18. Qxb7 Qb6 19. Qa8 Qxb2 20. Rc1 Bb4 21.
Rd1 Ke7 22. Nf5+ Ke6 23. Qc6+ Nd6 24. Qd5# 1-0

[Event "GLT-209"]
[Site "http://www.queenalice.com/game.php?id=850894"]
[Date "2010.10.26"]
[Round "-"]
[White "Atto"]
[Black "z3r0vulc4n"]
[Result "0-1"]
[WhiteElo "1124"]
[BlackElo "1612"]

1. e4 e5 2. Nf3 d6 3. Nc3 Nf6 4. d4 exd4 5. Nxd4 Bd7 6. Bf4 Nc6 7. Nf3 Be7 8.
Bc4 O-O 9. O-O Bg4 10. h3 Bxf3 11. Qxf3 Nd4 12. Qg3 g6 13. Rad1 Nh5 14. Qg4 Nf6
15. Qg3 Nh5 16. Qg4 Nxf4 17. Qxf4 Bf6 18. Rfe1 Nxc2 19. Re2 Nd4 20. Re3 Bg5 21.
Qg4 Bxe3 22. fxe3 Nc6 23. Qf4 Ne5 24. h4 Nxc4 25. e5 Nxe5 0-1

[Event "GLT-208"]
[Site "http://www.queenalice.com/game.php?id=850895"]
[Date "2010.10.26"]
[Round "-"]
[White "Atto"]
[Black "farrapo"]
[Result "1-0"]
[WhiteElo "1130"]
[BlackElo "823"]

1. e4 c5 2. Nc3 g5 3. Bc4 d5 4. exd5 Bd7 5. d4 Nh6 6. Bxg5 Ng4 7. f3 Ne3 8. Bxe3
Rg8 9. f4 Rxg2 10. Qf3 cxd4 11. Bxd4 Rxc2 12. b3 Rxc3 13. Bxc3 Bh6 14. Qh5 Qb6
15. Nh3 Qe3+ 16. Qe2 Qxc3+ 17. Kf2 Qxh3 18. Rae1 Qh4+ 19. Kg2 Qh3+ 20. Kg1 Qg4+
21. Qxg4 Bxg4 22. d6 e6 23. Kf2 a6 24. Rhg1 f5 25. Rxe6+ Kd7 26. Rxh6 Kc6 27.
Rc1 Nd7 28. b4 b5 29. Be2+ Kb6 30. Bxg4 Rf8 31. Bf3 Rf7 32. Rc6+ 1-0

[Event "GLT-201"]
[Site "http://www.queenalice.com/game.php?id=850898"]
[Date "2010.10.26"]
[Round "-"]
[White "Atto"]
[Black "akiba_fall"]
[Result "0-1"]
[WhiteElo "1116"]
[BlackElo "1336"]

1. e4 e5 2. Nf3 Qf6 3. Be2 d5 4. d3 d4 5. c3 Nc6 6. cxd4 exd4 7. Bg5 Qd6 8. Nbd2
h6 9. Nc4 Qb4+ 10. Bd2 Qb5 11. Nfe5 Nxe5 12. Nxe5 Qxe5 13. f4 Qb5 14. b3 f5 15.
Bh5+ Kd8 16. e5 Qxd3 17. Rc1 Qe4+ 18. Qe2 d3 19. Qxe4 fxe4 20. Rc4 Bf5 21. Kf2
Be7 22. g4 Bh4+ 23. Ke3 Be6 24. Rxe4 Ne7 25. Rd4+ Nd5+ 26. Kxd3 Bf2 27. Rc4 Rg8
28. f5 Bd7 29. e6 Bb5 0-1

[Event "GLT-902"]
[Site "http://www.queenalice.com/game.php?id=851358"]
[Date "2010.10.27"]
[Round "-"]
[White "z3r0vulc4n"]
[Black "Atto"]
[Result "1-0"]
[WhiteElo "1616"]
[BlackElo "1116"]

1. e4 e5 2. Nf3 Nc6 3. d3 Bc5 4. Nc3 Nge7 5. a3 d5 6. exd5 Nxd5 7. Nxd5 Qxd5 8.
Be2 Bf5 9. O-O Nd4 10. Be3 O-O-O 11. Bxd4 exd4 12. h3 Rhe8 13. Nd2 Re6 14. Bf3
Qe5 15. Re1 Qd6 16. Rxe6 Qxe6 17. Be4 Bxe4 18. Nxe4 Qe5 19. Qd2 Bd6 20. Nxd6+
Rxd6 21. Re1 Qf5 22. Re8+ Kd7 23. Re4 Rg6 24. Rxd4+ Kc8 25. Qb4 b6 26. Rf4 Qd5
27. Rg4 Re6 28. Rxg7 Qh5 29. Qf4 Re1+ 30. Kh2 Re2 31. Rxf7 Rxc2 32. Rf8+ Kb7 33.
Qe4+ c6 34. Qe7+ Ka6 35. Ra8 Rxf2 36. Rxa7+ Kb5 37. Qb4# 1-0

[Event "GLT-502"]
[Site "http://www.queenalice.com/game.php?id=859830"]
[Date "2010.11.16"]
[Round "-"]
[White "edulemes"]
[Black "Atto"]
[Result "1-0"]
[WhiteElo "1918"]
[BlackElo "1116"]

1. e4 e5 2. Nf3 Nc6 3. Nc3 Bb4 4. Nd5 d6 5. c3 Bc5 6. d4 exd4 7. cxd4 Bb4+ 8.
Nxb4 Nxb4 9. Qa4+ Nc6 10. d5 Bd7 11. dxc6 Bxc6 12. Bb5 Ne7 13. Bg5 O-O 14. Rd1
f6 15. Be3 Qd7 16. O-O Bxb5 17. Qb3+ Kh8 18. Rfe1 c6 19. Nd4 d5 20. exd5 Nxd5
21. Nxb5 b6 22. Nc3 Qe6 23. Bc5 bxc5 24. Rxe6 1-0

[Event "GLT-1202"]
[Site "http://www.queenalice.com/game.php?id=861487"]
[Date "2010.11.20"]
[Round "-"]
[White "vininetto"]
[Black "Atto"]
[Result "1-0"]
[WhiteElo "1944"]
[BlackElo "1104"]

1. d4 d5 2. c4 e6 3. Nc3 Nf6 4. Bg5 Be7 5. Nf3 Ne4 6. Bxe7 Qxe7 7. Nxe4 dxe4 8.
Nd2 f5 9. e3 c6 10. Be2 e5 11. O-O exd4 12. exd4 e3 13. Nf3 f4 14. Qd3 g6 15.
Rae1 Bf5 16. Qc3 O-O 17. Kh1 Nd7 18. c5 Qe6 19. Bc4 1-0